The countries furthest away from everywhere - Statistics

General Stats
  • This quiz has been taken 64 times
  • The average score is 13 of 15
Answer Stats
Average distance to all other countries (km) Country % Correct
12120 Australia
97%
13120 Fiji
95%
13810 New Zealand
95%
13730 Samoa
95%
13420 Kiribati
93%
12430 Marshall Islands
93%
11640 Micronesia
93%
12690 Solomon Islands
93%
13870 Tonga
91%
13260 Tuvalu
91%
13190 Vanuatu
91%
12630 Nauru
90%
11980 Papua New Guinea
76%
11240 East Timor
62%
11540 Chile
59%
No matching quizzes found
Score Distribution
Percent of People with Each Score
Percentile by Number Answered
Your Score History
You have not taken this quiz